LEADER 01092nam a2200253 4500 001 000000360603 003 CaOOAMICUS 005 20241108111940.0 008 241108s2002 it 000 u ita r 020 $a88-86517-77-7 040 $aSeMil$bita 245 00$aStoria e teologia all'incrocio :$borizzonti e percorsi di una disciplina /$ca cura di M. Bielawski e M. Sheridan. 264 1$aRoma :$bLipa,$c2002. 300 $a367 p. ;$c22 cm 650 4$aTeologia.$0(OLS)http://semarc/subject/27 700 1 $aBielawski, Maciej,$d<1963- >.$0(OLS)http://semarc/name/44861 700 1 $aSheridan, Mark,$c.$0(OLS)http://semarc/name/20630 850 $aSeMil 852 $aSeMil$W1$xVenegono$y1$m2K III 343$j252188$B251608$CSeMilBibl$Z2$F251608 $81 961 $aValli don Norberto - Omaggio 996 $6020$a88-86517-77-7$9(OLS)http://semarc/number/301728 996 $6245$aStoria e teologia all'incrocio :$borizzonti e percorsi di una disciplina$9(OLS)http://semarc/title/451121 996 $6264$aRoma :$bLipa$9(OLS)http://semarc/publisher/31573 LEADER 00873nam a2200205 i 4500 001 000000230058 003 CaOOAMICUS 005 20251212135327.0 008 140526s1772 it u000 u fre u 013 $a208960 026 $ad.ie tees i-u- soet (3) 1772 (R) 040 $aSeMil$bita 245 10$aTome 1. 300 $axxiv, 358, [2] p. 500 $aSegn.: a12 A-P12. 773 0 $aBoulanger, Nicolas-Antoine <1722-1759>$tAntiquité devoilée par ses usages. Ou examen critique des principales opinions, cérimonies & insitutions religieuses & politiques des differens peules de la Terre. Par feu M. Boulanger. Tome 1. [-3.].$dA Amsterdam : Chez Marc Michel Rey, 1772.$g1$w()29985 850 $aSeMil 852 $aSeMil$W1$xVenegono$y1$m2R III 32 FA$j180404$B180404$CSeMilBibl$Z2$F191422 $8I 996 $6245$aTome 1$9(OLS)http://semarc/title/1447